Statistics for "D" Antonyms

Click here to take the quiz!

General Stats

  • This quiz has been taken 120 times
  • The average score is 15 of 20

Answer Stats

WordD Antonyms% Correct
LightDark / Dim
100%
MomDad
98%
NightDay
97%
LiveDie
97%
WetDry
97%
ShallowDeep
90%
SoberDrunk
90%
SunsetDawn
88%
CreateDemolish / Destroy
86%
DukeDuchess
81%
EasyDifficult
79%
AngelDemon
76%
SingleDouble
74%
EncourageDiscourage
72%
SupplyDemand
61%
HopeDespair
55%
BuckDoe
55%
BleachDye
47%
TrustDoubt
28%
BlessDamn / Denounce
21%

Score Distribution

Percentile by Number Answered

Percent of People with Each Score

Your Score History

You have not taken this quiz